| 000 | 00733nam a2200181Ia 4500 | ||
|---|---|---|---|
| 008 | 151202s9999||||xx |||||||||||||| ||und|| | ||
| 082 | _bPNVM-21549 | ||
| 100 | _aबोडस गणपतराव. | ||
| 245 | _aमराठी रंगभूमीचे सप्त चिरंजीव. | ||
| 260 | _b"बलवंत पुस्तक भांडार,मुंबई." | ||
| 260 | _c1963 | ||
| 300 | _a84 | ||
| 600 | _aबोडस गणपतराव. | ||
| 630 | _aमराठी रंगभूमीचे सप्त चिरंजीव. | ||
| 700 | _aबोडस गणपतराव. | ||
| 730 | _aमराठी रंगभूमीचे सप्त चिरंजीव. | ||
| 942 | _cBOOK | ||
| 999 |
_c1287525 _d1287522 |
||